Score 0/42 Timer 06:00
6 Plays Today
% Correct
KFC
95.5%
McDonald's
95.4%
M&M's
95.1%
Wendy's
94.8%
Green
Giant
94.8%
Michelin
93.6%
Kellogg's
Frosted
Flakes
93.1%
Cheetos
93%
Mr. Clean
92.2%
Captain
Morgan
92%
Energizer
92%
Target
91.9%
Uncle Ben's
91.3%
Nesquik
90.8%
Kool -Aid
90.2%
Bic
89.7%
Pillsbury
89.6%
Little
Caesars
89.5%
GEICO
88.8%
Froot
Loops
88.4%
Snuggle
86.4%
% Correct
Gerber
85.6%
Planters
85.2%
Chuck E.
Cheese's
85.1%
Toys 'R' Us
85%
Aflac
84.6%
Big Boy
Restaurants
84.4%
Tootsie
Pop
82.3%
StarKist
81.8%
ICEE
81.8%
Cracker
Jack
81.3%
Cocoa
Puffs
80.9%
Morton
Salt
80.7%
Keebler
Company
79.6%
Travelocity
78.9%
Vlasic
77.8%
Dunkin'
Donuts
75.8%
Jack
in the Box
75.2%
Linux
75.1%
Hawaiian
Punch
74%
Borden
72.1%
Alka
Seltzer
69.7%

You're not logged in!

Compare scores with friends on all Sporcle quizzes.
OR
Log In

Sporcle TV

Today on Sporcle TV


Watch our educational content, quiz creation guides, and fun videos on Sporcle TV.

Show Comments

Extras

Top Quizzes Today


Score Distribution

Paid Content

Your Account Isn't Verified!

In order to create a playlist on Sporcle, you need to verify the email address you used during registration. Go to your Sporcle Settings to finish the process.

Report this User

Report this user for behavior that violates our Community Guidelines.

Details: